| 000 | 00805nam a2200193 i 4500 | ||
|---|---|---|---|
| 001 | 192587 | ||
| 003 | ES-MaACL | ||
| 005 | 20250630203800.0 | ||
| 008 | 230206s1870 po 000 0 por d | ||
| 080 | _a336.1/.5(469)"18" | ||
| 245 | 0 | 0 |
_aRelatorio, propostas de lei e documentos apresentados á Camara dos senhores deputados pelo ministro e secretario d'Estado dos Negocios da Fazenda, na sessao que teve principio em 31 de março de 1870 / _c[Anselmo José Braamcamp]. |
| 260 |
_aLisboa : _b[s.n.], _c1870 ( _fImp. Nacional) |
||
| 300 |
_a67 p. ; _c29 cm. |
||
| 594 | _aAutor tomado del texto | ||
| 650 | 4 |
_aHacienda pública- _zPortugal. _9168381 |
|
| 700 | 1 |
_aBraamcamp, Anselmo José, _d1817-1885 _9176373 |
|
| 852 | 4 |
_aES-MaACL _jT-127-F-4 _z- Enc. en un vol. facticio |
|
| 999 |
_c192587 _d192587 |
||